00615nam a22001097a 4500008004100000100002000041245008200061260003300143300003400176520026200210773003300472260427b ||||| |||| 00| 0 eng d a Ingole, Anagha aTranslation as archiving ideas and their form: Phule’s poetics on education aEconomic & Political Weekly  a 61(8), Feb 21, 2026: p.26-27 aThe Third Eye and Other Works: Mahatma Phule’s Writings on Education by Rohini Mokashi-Punekar, New Delhi: Orient BlackSwan, 2023; pp 248, ₹855.-Reproduced https://www.epw.in/journal/2026/8/book-reviews/translation-archiving-ideas-and-their-form.html  aEconomic & Political Weekly